Sử dụng phẩm định từ trong tiếng Anh The use of modifier in English /
Guardado en:
| Autor principal: | |
|---|---|
| Otros Autores: | , |
| Formato: | Libro |
| Lenguaje: | Vietnamese |
| Publicado: |
Đà Nẵng,
1993.
|
| Materias: | |
| Etiquetas: |
Agregar Etiqueta
Sin Etiquetas, Sea el primero en etiquetar este registro!
|
| Thư viện lưu trữ: | Mạng thư viện Đại học Đà Nẵng |
|---|
| LEADER | 01079cmm a2200373 i 4500 | ||
|---|---|---|---|
| 001 | 000044686 | ||
| 003 | 3094 | ||
| 005 | 20030508100840.0 | ||
| 008 | 010313|1993 vm 000 vie | ||
| 040 | |a IRC |c IRC |d IRC | ||
| 041 | 0 | |a vie | |
| 082 | 1 | 4 | |a 425 |b VU-T |
| 100 | 1 | |a Vũ Thanh Tâm. | |
| 245 | 0 | 0 | |a Sử dụng phẩm định từ trong tiếng Anh |h [Thesis-Luận văn] = |b The use of modifier in English / |c Vũ Thanh Tâm, Phạm Thành Vinh thực hiện ; Lê Dũng hướng dẫn. |
| 246 | 0 | 1 | |a The use of modifier in English. |
| 260 | |a Đà Nẵng, |c 1993. | ||
| 300 | |a 96Tr. ; |c 31cm. | ||
| 630 | 0 | 4 | |a Anh ngữ. |
| 630 | 0 | 4 | |a Ngữ pháp. |
| 630 | 0 | 4 | |a Khoá luận. |
| 630 | 0 | 4 | |a Phẩm định từ. |
| 650 | 0 | 4 | |a Anh ngữ |x Ngữ pháp. |
| 700 | 1 | |a Phạm Thành Vinh. | |
| 700 | 1 | |a Lê Dũng, |e hướng dẫn. | |
| OWN | |a DUT | ||
| 999 | |a From the UDN01 | ||
| TYP | |a Computer file | ||
| TYP | |a Monograph | ||
| 980 | |a Mạng thư viện Đại học Đà Nẵng | ||